Bildung und Strukturwandel Institutionelle Aspekte im internationalen Vergleich
Saved in:
| Main Author: | |
|---|---|
| Other Authors: | |
| Format: | Book |
| Language: | German |
| Published: |
Wien
Institut für Höhere Studien
1992
|
| Edition: | 1. Aufl. |
| Series: | Sonderdruck
No. 5 |
| Subjects: | |
| Tags: |
No Tags, Be the first to tag this record!
|
MARC
| LEADER | 00000nam a2200000 4500 | ||
|---|---|---|---|
| 001 | c005539 | ||
| 005 | 20221214085325.8 | ||
| 041 | 0 | |a ger | |
| 044 | |a AT | ||
| 245 | 1 | 0 | |a Bildung und Strukturwandel |b Institutionelle Aspekte im internationalen Vergleich |c Lorenz Lassnigg, Hanz Pechar |
| 250 | |a 1. Aufl. | ||
| 264 | 1 | |a Wien |b Institut für Höhere Studien |c 1992 | |
| 300 | |a S. 224-298 | ||
| 490 | 1 | |a Sonderdruck |v No. 5 | |
| 830 | 0 | |a Sonderdruck |v No. 5 | |
| 610 | 2 | 0 | |a Rakúsko |
| 610 | 2 | 0 | |a vzdelávanie |
| 610 | 2 | 0 | |a kvalifikácia |
| 610 | 2 | 0 | |a zamestnanosť |
| 610 | 2 | 0 | |a povolania |
| 610 | 2 | 0 | |a trh práce |
| 610 | 2 | 0 | |a služby |
| 610 | 2 | 0 | |a školstvo |
| 610 | 2 | 0 | |a modely |
| 610 | 2 | 0 | |a diskusia |
| 610 | 2 | 0 | |a vzťahy pracovné |
| 610 | 2 | 0 | |a prognózy dlhodobé |
| 610 | 2 | 0 | |a štruktúra kvalifikačná |
| 610 | 2 | 0 | |a technológie nové |
| 610 | 2 | 0 | |a univerzity |
| 100 | 1 | |a Lassnigg, Lorenz | |
| 700 | 1 | |a Pechar, Hanz | |